Регионална библиотека "Любен Каравелов" - Русе

Избрани стихотворения (Запис номер 51245)

MARC детайли
000 -Лидер
Контролно поле с фиксирана дължина 01090nam a2200313 a 4500
003 - Код на организацията, давaща контролен номер
Контролно поле BLK
005 - Дата и час на последна редакция
Контролно поле 20230802005208.0
008 - Елементи от данни с фиксирана дължина
fixed length control field 180408b bul|||||r ||||||| ||bul||
010 ## - Наследен системен номер
LC control number KNG00055147000
040 ## - Източник на каталожния запис
Идентификатор на билиотеката - собственик на записа BLK
041 ## - Код за език
Код за езика на текст/звукозапис или на отделно заглавие Български
Код за езика КДБФ Български
080 ## - УДК
Текстов определител УДК Българска литература
УДК код - определител по УДК 821.163.2
УДК определител -1
УДК - код + определител 821.163.2-1
100 1# - Редна дума - Автор
Автор Вазов, Иван Минчов
Авторска отговорност първи автор
R(LIN) 363396
139 ## - Редно поле
Редна дума Вазов, Иван Минчов
Авторски знак Вазов, Ив. - В 15
245 10 - Сведения за заглавието
Заглавие Избрани стихотворения
Редно поле (дума) Иван Минчов Вазов; предг. от Милена Георгиева Цанева.
257 ## - Страна на издаване
Страна на създаване/издаване България
260 ## - Област на издателските данни
Име на издателя, разпространителя и проч. Бълг. писател
Година на издаване 1965
Място на издаване, разпространение и проч. София
300 ## - Физическа характеристика
Страници 219 с.
Размери/Мащаб 19 см
380 ## - Жанр
Жанр Худож. лит.
490 ## - СЕРИИ (Колекции)
Име на серия Библиотека за ученика
9 (RLIN) 201322
700 ## - Други автори (авторска отговорност)
Лично име Цанева, Милена Георгиева
9 (RLIN) 363501
852 ## - Местоположение
Форматна сигнатура Цб 33272
Фондова буква Хранилище
856 4# - Електронен адрес и достъп
Електронен формат pdf - файл
856 4# - Електронен адрес и достъп
Електронен формат pdf - файл
999 ## - СИСТЕМНИ КОНТРОЛНИ НОМЕРА
Koha biblionumber 51245
Koha biblioitemnumber 51245
942 ## - АРТИКУЛИ
Вид на библиотечния материал Книги
Скрит в OPAC Не
Koha issues (borrowed), all copies 1
Периодичен библиозапис Да
944 ## - СЪЗДАВАНЕ И РЕДАКЦИЯ на ЗАПИСА
Създаване/Редакция Създаване
Дата на регистрацията/редакция 26.08.2005
Служител, извършил регистрацията/редакцията
Статус, дата на статуса CRON CRON
944 ## - СЪЗДАВАНЕ И РЕДАКЦИЯ на ЗАПИСА
Създаване/Редакция Редакция
Дата на регистрацията/редакция 07.09.2005
999 ## - СИСТЕМНИ КОНТРОЛНИ НОМЕРА
Koha biblioitemnumber 51245
Наличности
Код за отписване Код за изгубен артикул Код за повреда Коз за рестрикции Код за отдаване Артикулен № Име на библиотеката - собственик Име на библиотеката, в която се намира в момента Статус (Текущо местоположение) Дата на вписване в системата Местоположение - отдел Цена в лева Инвентарен номер Систематично азбучна сигнатура Баркод Номер на екземпляра Цена в евро Служебна бележка Служебен тип на артикула Източник на класификационната схема
Изтеглен Не е изгубен Не е повреден без рестрикции заемане за дома 80764 Регионална библиотека "Любен Каравелов" Русе Регионална библиотека "Любен Каравелов" Русе Детски отдел 2005-08-26 Детски отдел 2.00 120000696466 Д 886.7/В 15 120000696466 1 1.02 Дост: DA Вид: А N: 22 Дата: 26.08.2005 Дата инв: 31.08.2015 Бележки инв: Д2015 Книги  
  Не е изгубен Не е повреден само за читалня ползва се в читалня 80765 Регионална библиотека "Любен Каравелов" Русе Регионална библиотека "Любен Каравелов" Русе Хранилище 2001-01-01 Хранилище 0.47 7163/65 Цб 33272 900000095537 2 0.24 Дост: Dp Вид: Д N: стар фонд Дата: 01.01.2001 Книги Universal Decimal Classification
Изтеглен Не е изгубен Не е повреден без рестрикции заемане за дома 80766 Регионална библиотека "Любен Каравелов" Русе Регионална библиотека "Любен Каравелов" Русе Заемна - подръчен фонд 2001-01-01 Заемна - подръчен фонд 0.00 7013/65 П 886.7-1/В 15 7013/65 3 0.00 Дост: Pk Вид: Ф N: стар фонд Дата: 01.01.2001 Книги Universal Decimal Classification
Изтеглен Не е изгубен Не е повреден без рестрикции заемане за дома 80767 Регионална библиотека "Любен Каравелов" Русе Регионална библиотека "Любен Каравелов" Русе Заемна - подръчен фонд 2001-01-01 Заемна - подръчен фонд 0.00 7015/65 П 886.7-1/В 15 7015/65 4 0.00 Дост: Pk Вид: Ф N: стар фонд Дата: 01.01.2001 Книги Universal Decimal Classification
Изтеглен Не е изгубен Не е повреден без рестрикции заемане за дома 80768 Регионална библиотека "Любен Каравелов" Русе Регионална библиотека "Любен Каравелов" Русе Заемна - подръчен фонд 2001-01-01 Заемна - подръчен фонд 0.00 16334/65 П 886.7-1/В 15 16334/65 5 0.00 Дост: Pk Вид: Ф N: стар фонд Дата: 01.01.2001 Книги Universal Decimal Classification
Изтеглен Не е изгубен Не е повреден без рестрикции заемане за дома 80769 Регионална библиотека "Любен Каравелов" Русе Регионална библиотека "Любен Каравелов" Русе Детски отдел 2001-01-01 Детски отдел 0.47 567195 Д 886.7/В 15 567195 6 0.24 Дост: Pk Вид: Ф N: стар фонд Дата: 01.01.2001 Книги Universal Decimal Classification
Vip Innovations Ltd, Rousse, Bulgaria 2025